UK Finches - Statistics

General Stats
  • This quiz has been taken 32 times
  • The average score is 6 of 11
Answer Stats
Picture Answer % Correct
Gold Finch
100%
Bull Finch
94%
Green Finch
94%
Chaffinch
88%
Siskin
65%
Haw Finch
59%
Scottish Crossbill
29%
Common Crossbill
18%
Common Redpoll
18%
Common Rosefinch
18%
Lesser Redpoll
18%
No matching quizzes found
Score Distribution
Percent of People with Each Score
Percentile by Number Answered
Your Score History
You have not taken this quiz